LEADER 01504nam 2200361Ia 450 001 996396587003316 005 20221108072552.0 035 $a(CKB)4330000000349285 035 $a(EEBO)2240872872 035 $a(OCoLC)13593466 035 $a(EXLCZ)994330000000349285 100 $a19860520d1660 uy | 101 0 $aeng 135 $aurbn||||a|bb| 200 12$aA short testimony on the behalf of truths innocency$b[electronic resource] $edeclared in plainesse and simplicity : being done at the command of the Lord God that all out of the truth may see their way and proceed no further : vvith a discovery of the national ministry, whose time now is, and is no more /$fby one who loves truth and rightousnesse and desires the nations peace, and the good of all people, who amongst many brethren is called a Quaker, but known by the name of William Smith 210 $aLondon $cPrinted for Thomas Simmons ...$d1660 215 $a15, [1] p 300 $aReproduction of original in Huntington Library. 330 $aeebo-0113 606 $aChurch and state$zEngland$vEarly works to 1800 606 $aChurch and state$vEarly works to 1800 615 0$aChurch and state 615 0$aChurch and state 700 $aSmith$b William$fd. 1673.$0845826 801 0$bEAA 801 1$bEAA 801 2$bm/c 801 2$bEAA 801 2$bWaOLN 906 $aBOOK 912 $a996396587003316 996 $aA short testimony on the behalf of truths innocency$92407935 997 $aUNISA LEADER 01168nam a2200301 i 4500 001 991000688029707536 005 20020507172258.0 008 981212s1983 de ||| | eng 020 $a3540122370 035 $ab10743315-39ule_inst 035 $aLE01300732$9ExL 040 $aDip.to Matematica$beng 082 0 $a519.3 084 $aAMS 90B20 100 1 $aPapageorgiou, Markos$0534655 245 10$aApplications of automatic control concepts to traffic flow modeling and control /$cM. Papageorgiou 260 $aBerlin ; New York :$bSpringer-Verlag,$c1983 300 $aix, 186 p. :$bill. ;$c25 cm. 490 0 $aLecture notes in control and information sciences ;$v50 500 $aIncludes bibliographical references 650 4$aAutomatic control 650 4$aTraffic flow 907 $a.b10743315$b23-02-17$c28-06-02 912 $a991000688029707536 945 $aLE013 90B PAP11 (1983)$g1$i2013000105925$lle013$o-$pE0.00$q-$rl$s- $t0$u0$v0$w0$x0$y.i10834795$z28-06-02 996 $aApplications of automatic control concepts to traffic flow modeling and control$9910749 997 $aUNISALENTO 998 $ale013$b01-01-98$cm$da $e-$feng$gde $h0$i1